Pali, prakrit bhasa aru sahitya (Record no. 3599)
[ view plain ]
| 000 -LEADER | |
|---|---|
| fixed length control field | 00481cam a2200193ua 4500 |
| 008 - FIXED-LENGTH DATA ELEMENTS--GENERAL INFORMATION | |
| fixed length control field | 150128n ii |||gr||||Z||||||asm |
| 040 ## - CATALOGING SOURCE | |
| Transcribing agency | MAIN |
| 041 ## - LANGUAGE CODE | |
| -- | asm |
| 082 ## - DEWEY DECIMAL CLASSIFICATION NUMBER | |
| Classification number | 491.3 |
| 100 ## - MAIN ENTRY--PERSONAL NAME | |
| Personal name | Das, Prasanna Ram, |
| 245 ## - TITLE STATEMENT | |
| Title | Pali, prakrit bhasa aru sahitya |
| Statement of responsibility, etc. | by Prasanna Ram Das |
| 250 ## - EDITION STATEMENT | |
| Edition statement | 1st. |
| 260 ## - PUBLICATION, DISTRIBUTION, ETC. | |
| Place of publication, distribution, etc. | Guwahati: |
| Name of publisher, distributor, etc. | Book Land,984. |
| 300 ## - PHYSICAL DESCRIPTION | |
| Extent | 276p: |
| Dimensions | 23cm. |
| 942 ## - ADDED ENTRY ELEMENTS (KOHA) | |
| Koha item type | Books |
| 653 ## - INDEX TERM--UNCONTROLLED | |
| Uncontrolled term | Assamese language |
| 653 ## - INDEX TERM--UNCONTROLLED | |
| Uncontrolled term | Pali, prakrit bhasa aru sahitya |
| Withdrawn status | Lost status | Damaged status | Not for loan | Home library | Current library | Shelving location | Date acquired | Total Checkouts | Full call number | Barcode | Date last seen | Date last checked out | Copy number | Price effective from | Koha item type |
|---|---|---|---|---|---|---|---|---|---|---|---|---|---|---|---|
| Central Library, Naharkatiya College | Central Library, Naharkatiya College | General Stacks | 19/09/2020 | 1 | 491.3 | DAS | 10179 | 25/03/2026 | 18/03/2026 | 3 | 19/09/2020 | Books | ||||
| Central Library, Naharkatiya College | Central Library, Naharkatiya College | General Stacks | 19/09/2020 | 491.3 | DAS | 10180 | 19/09/2020 | 2 | 19/09/2020 | Books | ||||||
| Central Library, Naharkatiya College | Central Library, Naharkatiya College | General Stacks | 19/09/2020 | 491.3 | DAS | 10181 | 19/09/2020 | 1 | 19/09/2020 | Books | ||||||
| Central Library, Naharkatiya College | Central Library, Naharkatiya College | General Stacks | 19/09/2020 | 4 | 491.3 | DAS | 10182 | 22/04/2024 | 03/04/2024 | 7 | 19/09/2020 | Books | ||||
| Central Library, Naharkatiya College | Central Library, Naharkatiya College | General Stacks | 19/09/2020 | 491.3 | DAS | 10183 | 19/09/2020 | 6 | 19/09/2020 | Books | ||||||
| Central Library, Naharkatiya College | Central Library, Naharkatiya College | General Stacks | 19/09/2020 | 491.3 | DAS | 10184 | 19/09/2020 | 5 | 19/09/2020 | Books | ||||||
| Central Library, Naharkatiya College | Central Library, Naharkatiya College | General Stacks | 19/09/2020 | 491.3 | DAS | 10185 | 19/09/2020 | 4 | 19/09/2020 | Books |
